000 00251nam a2200109Ia 4500
008 190216s9999||||xx |||||||||||||| ||und||
100 _aPonmeleth
245 0 _aBhasha Deepthi
260 _bDeepthi Publishing House
650 _aMalayalam
942 _cBK
999 _c25527
_d25527